| 000 | 00556nam a22001817a 4500 | ||
|---|---|---|---|
| 999 |
_c4181 _d4181 |
||
| 003 | GBCCL | ||
| 005 | 20241126110513.0 | ||
| 008 | 180116b xxu||||| |||| 00| 0 eng d | ||
| 040 | _cgbc | ||
| 082 |
_aVER 227.507 _bGUI |
||
| 100 |
_aGuite, Kai Za Song _97955 |
||
| 245 |
_aEfesate Kianga Paul Laikhak Hilhchetna / _cKai Za Song Guite |
||
| 260 |
_aLamka: _bEvangelical Book House, _c1987 |
||
| 300 |
_a214 p.; _c18 cm. |
||
| 440 |
_aSaptuam Laisiangthou Hilhchetna _97247 |
||
| 650 |
_aBible _vNew Testament _vEphesians _xCommentary _97956 |
||
| 942 |
_2ddc _cBK _07 |
||